Wartime shipyard ; a study in social disunity.

Bibliographic Details
Main Author: Archibald, Katherine
Format: Book
Language:English
Published: Berkeley : Univ. of California Press, 1947.
Subjects:

MARC

Tag First Indicator Second Indicator Subfields
LEADER 00000cam a2200000 4500
001 in00000064332
005 20151008051801.0
008 751201s1947 cauf 00000 eng
010 |a  47005216  
035 |a (OCoLC)01864539 
035 |9 AAG9960AM 
040 |a DLC  |c TNH  |d OCL  |d TXA  |d UtOrBLW 
049 |a TXAM  |c [194860] 
050 0 |a HD8039.S52  |b U52 
082 0 |a 331.76238 
092 |a 331.76238  |b A673w 
100 1 |a Archibald, Katherine. 
245 1 0 |a Wartime shipyard ;  |b a study in social disunity. 
264 1 |a Berkeley :  |b Univ. of California Press,  |c 1947. 
300 |a vi, 237 pages :  |b plates. ;  |c 20 cm. 
336 |a text  |b txt  |2 rdacontent 
337 |a unmediated  |b n  |2 rdamedia 
338 |a volume  |b nc  |2 rdacarrier 
650 0 |a Shipbuilding industry  |x Employees  |z United States. 
650 0 |a Shipyards  |z United States. 
999 |a MARS 
999 f f |s 39a46266-e7b2-3340-be5b-b87e69791976  |i 7dc056e1-3b4c-3cb1-aa74-7224a97985d3  |t 0 
952 f f |p ric  |a Texas A&M University  |b Rellis Campus  |c Joint Library Facility  |d Remote Storage  |t 0  |e HD8039.S52 U52  |h Library of Congress classification  |i unmediated -- volume  |m A14800720526 
998 f f |a HD8039.S52 U52  |t 0  |l Remote Storage